000 00612nam a2200181 i 4500
001 146527
003 ES-MaACL
005 20230906201553.0
007 t|
008 070911s1961 sp ||||1| spa d
080 _a914.671.2
100 1 _aTortosa Durán, José.
_9111086
245 1 3 _aLérida
_b: el medio y la vida en la provincia /
_cestudio geográfico por José Tortosa Durán.
260 _aLérida :
_b[s.n.],
_c1961 (
_fImp. Escuela Provincial)
300 _a238 p., 8 lám., 6 gráf. pleg. ;
_c25 cm.
651 4 _aLérida (Provincia)-
_vDescripción.
_98917
852 _aES-MaACL
_jC-23354
_bR.51790
999 _c146527
_d146527